000 01244cam a22002771i 4500
003 SA-RiAUC
005 20240924084336.0
008 240922s2005 su g 000 0bara c
020 _a9960472167
040 _aSA-RiIMS
_bara
_cSA-RiAUC
_erda
082 0 4 _a234.65
_qSA-RiAUC
090 _a234.65
_bب ن ج
100 1 _aالبنجابي، محمد بن عبد الكريم بن عبيد،
_d1380 هجري-
_eمؤلف.
245 1 2 _aالإمام الحافظ عبد الله ابن الجارود النيسابوري وأثره في السنة النبوية /
_cتأليف محمد بن عبد الكريم بن عبيد.
250 _aالطبعة الأولى.
264 1 _aالرياض :
_bدار إمام الدعوة للنشر والتوزيع،
_c2005
300 _a79 صفحة ؛
_c24 سم
336 _aنص
_btxt
_2rdacontent
_3كتاب
337 _aبدون وسيط
_bn
_2rdamedia
338 _aمجلد
_bnc
_2rdacarrier
600 1 7 _aابن الجارود، عبد الله بن علي بن الجارود،
_dتوفي 307 هجري
_2aucnm
650 7 _aالسنة
_2aucsh
650 7 _aطبقات رواة الحديث وحفاظه
_vتراجم
_2aucsh
942 _2ddc
_cBOOK
_n0
949 _aSA-JeALM
_d240922
_umohamedma123
_n1
999 _c514
_d514